Präsidenten der Ukraine seit 1917 - mit Bild - Statistiken

Allgemein
  • Dieses Quiz wurde 28 mal gespielt
    26 seit der letzten Aktualisierung
  • Das Durchschnittsergebnis liegt bei 4 aus 17
Antwortstatistiken
Bildquiz Hint Antwort % Korrekt
seit 2019
Staatspräsident
Diener des Volkes
Volodymyr Zelensʹkyj |
Володимир Зеленський
92%
2014-2019
Staatspräsident
Europäische Solidarität
Petro Porošenko |
Петро Порошенко
76%
2010-2014
Staatspräsident
Partei der Regionen
Vìktor Janukovyč |
Віктор Янукович
72%
2005-2010
Staatspräsident
Unsere Ukraine
Viktor Juščenko |
Віктор Ющенко
52%
1994-2005
Staatspräsident
Parteilos
Leonid Kučma |
Леонід Кучма
28%
1990/91-1994
Staatspräsident
Parteilos
Leonid Kravčuk |
Леонід Кравчук
24%
1918
Hetman
Parteilos
Pavlo Skoropadsʹkyj |
Павло Скоропадський
20%
1919-1926
Direktoriumsvorsitzender, ab 1921 im Exil
Ukrainische Sozialdemokratische Arbeiterpartei
Symon Petljura |
Симон Петлюра
20%
2014
Parlaments- und Übergangspräsident
Vaterland
Oleksandr Turčynov |
Олександр Турчинов
16%
1989-1992
Direktoriumsvorsitzender im Exil
Parteilos
Mykola Plav'juk |
Микола Плав'юк
12%
1926-1954
Direktoriumsvorsitzender im Exil
Ukrainische Sozialdemokratische Arbeiterpartei
Andrij Livyc'kyj |
Андрій Лівицький
8%
1917-1918
Zentralratsvorsitzender
Parteilos
Mychajlo Hruševs'kyj |
Михайло Грушевський
8%
1967-1989
Direktoriumsvorsitzender im Exil
Parteilos
Mykola Livyc'kyj |
Микола Лівицький
8%
1939
Präsident der Karpatenukraine
Ruthenisch-Nationale Christliche Partei
Avgustyn Vološyn |
Авґустин Волошин
4%
1954-1965
Direktoriumsvorsitzender im Exil
Ukrainische Nationaldemokratische Partei
Stepan Vytvyc'kyj |
Степан Витвицький
4%
1918-1919
Direktoriumsvorsitzender
Ukrainische Sozialdemokratische Arbeiterpartei
Volodymyr Vynnyčenko |
Володимир Винниченко
4%
1918-1919
Nationalratspräsident (Westukraine)
Ukrainische Nationaldemokratische Partei
Jevhen Petruševyč |
Євген Петрушевич
0%
Keine übereinstimmenden Quizze gefunden
Verteilung der Resultate
Anzahl Personen mit jedem Resultat
Perzentil nach korrekt beantworteten Fragen
Ihre Resultats-Entwicklung
Sie haben dieses Quiz seit der letzten Aktualisierung nicht gespielt